000 00320nam a2200121Ia 4500
008 240731s9999 xx 000 0 und d
022 _a1477-8246
245 0 _aKnowledge Management Research & Practice
260 _bTaylor & Francis
856 _uhttps://www.tandfonline.com/loi/tkmr20
942 _2ddc
942 _cTFEJ
999 _c78372
_d78372
945 _a1
_bMadushi Gamage
_c1
_dMadushi Gamage